|
|
|
|
| LEADER |
00000nas a2200000 i 4500 |
| 001 |
ssj0000816988 |
| 003 |
WaSeSS |
| 005 |
20200512172242.0 |
| 006 |
m d |
| 007 |
cr n |
| 008 |
130722c20119999rm ar s 0 b0fre c |
| 010 |
|
|
|a 2013252449
|
| 022 |
|
|
|a 2284-5437
|l 2248-2547
|y 2248-2547
|
| 035 |
|
|
|a (WaSeSS)ssj0000816988
|
| 040 |
|
|
|a HUA
|b eng
|c HUA
|d OCLCO
|d ERD
|d SYB
|d WAU
|d OCLCO
|d OCLCF
|d WaSeSS
|
| 041 |
0 |
|
|a fre
|b eng
|
| 042 |
|
|
|a pcc
|
| 050 |
1 |
4 |
|a P121
|
| 130 |
0 |
|
|a Studii de lingvistică (Oradea, Romania : Online)
|
| 210 |
1 |
|
|a Stud. lingvist.
|b (online)
|
| 222 |
|
0 |
|a Studii de lingvistică
|b (online)
|
| 245 |
1 |
0 |
|a Studii de lingvistică
|h [electronic resource].
|
| 260 |
|
|
|a Oradea, România :
|b Editura Universității din Oradea,
|c 2011-
|
| 310 |
|
|
|a Annual.
|
| 362 |
1 |
|
|a Began with 1 (2011).
|
| 500 |
|
|
|a Some issues also have a distinctive title.
|
| 506 |
|
|
|a License restrictions may limit access.
|
| 546 |
|
|
|a Articles in French, with abstracts in English.
|
| 550 |
|
|
|a Issued by: Facultatea de Litere din Oradea.
|
| 588 |
|
|
|a Description based on: 1 (2011); title from article PDF (publisher's website, viewed August 7, 2013).
|
| 588 |
|
|
|a Latest issue consulted: 2 (2012) (viewed August 7, 2013).
|
| 650 |
|
0 |
|a Linguistics
|v Periodicals.
|
| 650 |
|
7 |
|a Linguistics.
|2 fast
|0 (OCoLC)fst00999202
|
| 655 |
|
0 |
|a Electronic journals.
|
| 710 |
2 |
|
|a Universitatea din Oradea.
|b Facultatea de Litere.
|
| 776 |
0 |
8 |
|i Print version:
|t Studii de lingvistică (Oradea, Romania)
|x 2248-2547
|w (DLC) 2012213519
|w (OCoLC)809249197
|
| 856 |
4 |
0 |
|z Full text available from Research Library: 01/01/2014 to present
|u https://search.proquest.com/publication/2036231
|